Word Ladder: Nintendo Power Quiz Stats

 Plays Quiz Updated May 3, 2012

Support Sporcle.
Go Orange.
Score 0/32 Timer 03:00
0 Plays Today
Clue Word % Correct
Turtle's speedSLOW
95.7%
Jab with a knifeSTAB
94.6%
Large piece of concreteSLAB
93.3%
What a mushroom causes Mario to doGROW
91.9%
RadianceGLOW
90.7%
★ Super Smash ____★ BROS. ★
89.5%
Crude obnoxious personSLOB
89.1%
★ Donkey ____★ KONG ★
88.4%
Rubber footwear for the rainBOOT
87.5%
DifficultHARD
86.7%
ForeheadBROW
86.7%
Green citrus fruitLIME
86.3%
Rabbit's cousinHARE
84.8%
Employ someoneHIRE
84.8%
Short for what sunk the TitanicBERG
83.4%
Group of zebrasHERD
83.3%
Clue Word % Correct
Ghosts that chase MarioBOOS
80.9%
One's rescuerHERO
80.4%
QueueLINE
78.7%
Sound made from a bellBONG
76.4%
★ ____ Fox ★★ STAR ★
75.6%
Former tennis #1: Björn ____BORG
74.3%
Bland and unoriginalLAME
73.1%
★ ____ Emblem ★★ FIRE ★
71.8%
Of high qualityFINE
68%
★ F-____★ ZERO ★
57.7%
Drill a holeBORE
57.5%
License plate sold at Itchy & Scratchy LandBORT
53.1%
Race of insectoids in StarcraftZERG
52.6%
★ ____ & Watch ★★ GAME ★
47.4%
Blood that has been shedGORE
38.2%
Low-grade wool fibers from sheep legsGARE
30%

Today's Daily Dose

You're not logged in!

Compare scores with friends on all Sporcle quizzes.
OR
Log In
Forgot?

From the Vault

8-Letter Country Match-Up

by RobPro

Here's a hint: Mold Opal isn't a country
Remove Ads.
Support Sporcle.
Get the best of Sporcle when you Go Orange. This ad-free experience offers more features, more stats, and more fun while also helping to support Sporcle. Thank you for becoming a member.

Show Comments

Extras

Top Quizzes Today


Score Distribution

Your Account Isn't Verified!

In order to create a playlist on Sporcle, you need to verify the email address you used during registration. Go to your Sporcle Settings to finish the process.

Report this User

Report this user for behavior that violates our Community Guidelines.

Details: